[Event "TORO 2014 (C)"]
[Site "Gatineau"]
[Date "2014.06.08"]
[Round "4"]
[White "Latreille, Etienne"]
[Black "Courtemanche, Sylvain"]
[Result "1-0"]
[BlackElo "1328"]
[WhiteElo "1391"]

1.d4 d5 2.Nf3 Nf6 3.Nc3 e6 4.b3 c5 5.e3 cxd4 6.exd4 Bb4 7.Bd2 Qa5 8.Nb5 Bxd2+
9.Qxd2 Qb6 10.Qf4 Na6 11.Bd3 O-O 12.O-O Bd7 13.Nc3 Nb4 14.Qd2 Nxd3 15.Qxd3
Rfc8 16.Rfc1 Qb4 17.Nd1 Bb5 18.Qd2 Qxd2 19.Nxd2 Be2 20.Ne3 b5 21.f3 Rc3
22.Kf2 Nh5 23.g3 f5 24.Kxe2 f4 25.Nd1 Rc7 26.g4 Nf6 27.Nb2 Rc3 28.Nd1 Rc7
29.c4 dxc4 30.bxc4 bxc4 31.Nxc4 Rac8 32.Ndb2 Nd5 33.a3 Ne3 34.Kd3 g5 35.a4
Nd5 36.a5 Nb4+ 37.Ke4 Nd5 38.Ra4 Ne3 39.Kd3 Kg7 40.Re1 Kf6 41.h3 Ng2 42.Re5
Nh4 43.Ke4 Ng6 44.Rb5 Ne7 45.Rc5 Rxc5 46.dxc5 Nd5 47.Kd4 Rd8 48.Nd6 e5+
49.Kxd5 1-0

[Event "TORO 2014 (C)"]
[Site "Gatineau"]
[Date "2014.06.08"]
[Round "4"]
[White "Carrière, Steven"]
[Black "Yang, fan"]
[Result "0-1"]
[BlackElo "1462"]
[WhiteElo "1268"]

1.e4 e5 2.Nf3 Nc6 3.Bc4 Bc5 4.b4 Nxb4 5.c3 Nc6 6.d4 exd4 7.cxd4 Bb4+ 8.Bd2
Bxd2+ 9.Nbxd2 d6 10.Qb3 Qe7 11.O-O Nf6 12.e5 dxe5 13.dxe5 Ng4 14.Rfe1 O-O
15.e6 f6 16.Re4 f5 17.Re2 Kh8 18.Rae1 Na5 19.Qc3 Nxc4 20.Nxc4 Nf6 21.Ng5 Kg8
22.Qh3 h6 23.Qxf5 hxg5 24.Qxg5 c6 25.Ne5 Nd5 26.Qh5 Nf4 27.Ng6 Nxg6 28.Qxg6
Rf6 29.Qg4 b6 30.f4 Ba6 31.Rd2 Rd8 32.Rxd8+ Qxd8 33.e7 Qe8 34.f5 Bc8 35.Qc4+
Kh8 36.Qh4+ Rh6 37.Qf4 Bd7 38.g4 Rf6 39.Re3 c5 40.Qc7 a5 41.Qd8 Kh7 42.Qxd7
Qxd7 43.e8=Q Qd1+ 44.Kg2 Qxg4+ 45.Rg3 Qxf5 46.Rh3+ Rh6 47.Rxh6+ Kxh6 48.Qc6+
Qg6+ 49.Qxg6+ Kxg6 50.Kf3 0-1

[Event "TORO 2014 (C)"]
[Site "Gatineau"]
[Date "2014.06.08"]
[Round "4"]
[White "Ménard, Marc"]
[Black "Wang, Kyle"]
[Result "1/2-1/2"]
[BlackElo "1356"]
[WhiteElo "1423"]

1.e4 e5 2.Nf3 Nc6 3.Bb5 d6 4.O-O a6 5.Ba4 b5 6.Bb3 Bg4 7.h3 Bh5 8.c3 Nf6
9.Re1 Be7 10.d4 exd4 11.cxd4 Bxf3 12.gxf3 Qd7 13.Kh2 h6 14.Bf4 g5 15.Bg3 h5
16.e5 h4 17.Bf4 Nh5 18.Bxf7+ Kd8 19.e6 Qc8 20.d5 Nxf4 21.dxc6 Rf8 22.Qd4 Rxf7
23.Nc3 Nxe6 24.Qh8+ Rf8 25.Qh7 Re8 26.Nd5 Nf4 27.Nxf4 gxf4 28.Qe4 Qb8 29.Qh7
1/2-1/2

[Event "TORO 2014 (C)"]
[Site "Gatineau"]
[Date "2014.06.08"]
[Round "4"]
[White "Traversy, Pierre"]
[Black "Simard, Paul"]
[Result "1-0"]
[BlackElo "1153"]
[WhiteElo "1193"]

1.d4 f5 2.c4 e6 3.Nf3 Nf6 4.Nbd2 b6 5.e3 Bb7 6.b3 Bb4 7.Bb2 O-O 8.a3 Bxd2+
9.Nxd2 d6 10.b4 Nbd7 11.a4 h6 12.h3 Qe8 13.Rg1 Rb8 14.b5 c5 15.Nf3 Ne4 16.Nd2
Nef6 17.Be2 e5 18.d5 e4 19.Nf1 Ne5 20.Ng3 Bc8 21.f4 Ng6 22.Bh5 Rb7 23.a5 bxa5
24.Rxa5 Kh7 25.Qa1 Nxh5 26.Nxh5 Nh4 27.Nxg7 Qg6 28.Kf1 Rg8 29.Rxa7 Rgxg7
30.Bxg7 Qxg7 31.Ra2 Qg3 32.Qe1 Rg7 33.Qxg3 Rxg3 34.Kf2 Rg7 35.b6 Ng6 36.Ra7
Nf8 37.Rxg7+ Kxg7 38.Rb1 Bb7 39.Ra1 Kf6 40.Ra7 Bc8 41.h4 Nd7 42.Rxd7 Bxd7
43.b7 Ba4 44.b8=Q Kg6 45.Qxd6+ Kh5 46.Kg3 Bc6 47.Qf8 Bxd5 48.Qxf5# 1-0